| 000 | 01357cam a22002891i 4500 | ||
|---|---|---|---|
| 003 | SA-RiAUC | ||
| 005 | 20250717105558.0 | ||
| 008 | 250716s1997 su g 000 p ara c | ||
| 020 | _a9960341011 | ||
| 040 |
_aJO-AmJU _bara _cSA-RiAUC _erda |
||
| 043 | _aa-su--- | ||
| 082 | 0 | 4 |
_a811.062 _qSA-RiAUC |
| 090 |
_a811.062 _bع ا م |
||
| 100 | _aالعامري، ماجد ابراهيم | ||
| 245 | 0 | 0 |
_aقصائد مختارة عن المدينة المنورة المختارة : _bأكثر من 40 قصيدة لمجموعة من الشعراء قديما وحديثا / _cجمع ماجد إبراهيم العامري. |
| 246 | 3 |
_aقصائد مختارة عن المدينة المنورة المختارة : _bأكثر من أربعون قصيدة لمجموعة من الشعراء قديما وحديثا |
|
| 250 | _aالطبعة الأولى. | ||
| 264 | 1 |
_aجدة، السعودية : _bماجد إبراهيم العامري، _c1997. |
|
| 300 |
_a267 صفحة، _c24 سم. |
||
| 336 |
_aنص _btxt _2rdacontent _3كتاب |
||
| 337 |
_aبدون وسيط _bn _2rdamedia |
||
| 338 |
_aمجلد _bnc _2rdacarrier |
||
| 650 | 7 |
_aالشعر العربي الديني _zالبلاد العربية _2aucsh |
|
| 651 | 7 |
_aالمدينة المنورة _xفي الأدب _2aucsh |
|
| 942 |
_2ddc _cBOOK _n0 |
||
| 949 |
_aSA-JeALM _d250716 _umohamedma123 _n1 |
||
| 999 |
_c10034 _d10034 |
||